[Event "CRO-Cup"]
[Site "Pula"]
[Date "1997.??.??"]
[Round "?"]
[White "Petrov, Jole"]
[Black "Ivanovic, Zeljko"]
[Result "1-0"]
[WhiteElo "2365"]
[BlackElo "2260"]

1.Nf3 Nf6 2.g3 g6 3.Bg2 Bg7 4.c4 O-O 5.d4 d5 6.cxd5 Nxd5 7.O-O c5 8.e4 Nb6
9.d5 e6 10.Bg5 f6 11.Be3 Na6 12.Nc3 Nc4 13.Bc1 f5 14.exf5 exf5 15.Bg5 Qa5
16.d6 Be6 17.Qe2 Bf7 18.Be7 Nxb2 19.Bxf8 Rxf8 20.Ng5 Re8 21.Qxb2 Bxc3 22.Qxb7 Rf8
23.Bd5  1-0

[Event "EU-chT (Men)"]
[Site "Pula"]
[Date "1997.??.??"]
[Round "1"]
[White "Vaganian, Rafael A"]
[Black "Gallagher, Joseph G"]
[Result "1/2-1/2"]
[WhiteElo "2585"]
[BlackElo "2545"]

1.Nf3 Nf6 2.c4 g6 3.g3 Bg7 4.Bg2 O-O 5.O-O d6 6.Nc3 e5 7.d3 Nc6 8.Rb1 h6
9.b4 a6 10.Nd2 Be6 11.Nd5 Rb8 12.Bb2 Qd7 13.f4 Bh3 14.Nxf6+ Bxf6 15.Bxh3 Qxh3
16.b5 axb5 17.cxb5 Ne7 18.Qb3 Bg7 19.fxe5 Nf5 20.d4 dxe5 21.dxe5 Rbd8 22.Nf3 Rfe8
23.e4 Nxg3 24.hxg3 Qxg3+ 25.Kh1 Rd3  1/2-1/2

[Event "Pula op"]
[Site "Pula"]
[Date "1997.??.??"]
[Round "2"]
[White "Sergejev, Roman"]
[Black "Movsesian, Sergei"]
[Result "1/2-1/2"]
[WhiteElo "2370"]
[BlackElo "2630"]

1.Nf3 Nf6 2.c4 g6 3.g3 Bg7 4.Bg2 O-O 5.O-O d6 6.d4 c6 7.Nc3 Qa5 8.e4 e5 9.h3 Nbd7
10.Re1 exd4 11.Nxd4 Ne5 12.Bf1 Re8 13.Nb3 Qc7 14.f4 Ned7 15.Bg2 Nb6 16.c5 dxc5
17.Nxc5 Be6 18.Nxe6 Rxe6 19.e5 Nfd7 20.Ne4 Kh8 21.Bd2 Nc4 22.Qc2 Nxd2 23.Qxd2 Rd8
24.Rad1 Bf8  1/2-1/2

[Event "EU-chT (Men)"]
[Site "Pula"]
[Date "1997.??.??"]
[Round "3"]
[White "Allahverdiev, Anar"]
[Black "Nijboer, Friso"]
[Result "1/2-1/2"]
[WhiteElo "2380"]
[BlackElo "2555"]

1.c4 Nf6 2.g3 g6 3.Bg2 Bg7 4.Nf3 O-O 5.O-O d6 6.Nc3 Nc6 7.d3 e5 8.Rb1 a5
9.a3 h6 10.b4 axb4 11.axb4 Be6 12.b5 Ne7 13.Qb3 Qd7 14.Ba3 Bh3 15.Rfc1 Bxg2
16.Kxg2 Qe6 17.c5 d5 18.c6 bxc6 19.bxc6 Rfd8 20.Nb5 Ne8 21.Qc2  1/2-1/2

[Event "EU-chT (Men)"]
[Site "Pula"]
[Date "1997.??.??"]
[Round "4"]
[White "Urban, Klaudiusz"]
[Black "Rogic, Davor"]
[Result "0-1"]
[WhiteElo "2490"]
[BlackElo "2455"]

1.c4 Nf6 2.g3 g6 3.Bg2 Bg7 4.Nf3 O-O 5.O-O d6 6.Nc3 c6 7.d3 Na6 8.Rb1 d5
9.cxd5 Nxd5 10.Bd2 e5 11.a3 h6 12.Qc2 Be6 13.b4 Nac7 14.Ne4 Nb5 15.Qc1 Kh7
16.e3 Ne7 17.a4 Nc7 18.Bc3 f6 19.Rd1 Bd5 20.Qc2 b6 21.Ned2 Rc8 22.e4 Bg8
23.d4 exd4 24.Nxd4 c5 25.bxc5 bxc5 26.Nb5 Nxb5 27.axb5 Qb6 28.Qa4 f5 29.Bxg7 Kxg7
30.Nc4 Bxc4 31.Qxc4 Rfd8 32.exf5 Nxf5 33.Bh3 Rb8 34.Bxf5 gxf5 35.Rd5 Rxd5
36.Qxd5 Rf8 37.Re1 Rf7 38.Qe5+ Kh7 39.Qe8 Qb7 40.Re6 c4 41.Rc6 Qe7 42.Qxe7 Rxe7
43.Rxc4 Re1+ 44.Kg2 Rb1 45.Rc7+ Kg6 46.Rb7 Rb3 47.Kh3 Rb2 48.f3 Rb4 49.Kg2 Rb2+
50.Kh3 Rb4 51.f4 Rb2 52.Rxa7 Rxb5 53.Ra6+ Kg7 54.Kh4 Rb2 55.h3 Rh2 56.Ra7+ Kg6
57.Ra6+ Kg7 58.Re6 Rh1 59.g4 fxg4 60.Kxg4 Ra1 61.Kf5 Ra5+ 62.Re5 Ra7 63.h4 Rf7+
64.Kg4 Ra7 65.Rb5 Ra1 66.Rb7+ Kf6 67.Rb6+ Kg7 68.Re6 Rg1+ 69.Kh5 Rf1 70.Rg6+ Kf7
71.Rg4 Ra1 72.Kxh6 Ra6+ 73.Kh5 Rf6 74.Kg5 Rg6+ 75.Kf5 Rf6+ 76.Ke4 Rh6 77.Kf3 Rh8
78.Kg3 Kf6 79.Rg5 Ra8 80.Kg4 Ra1 81.Rf5+ Kg6 82.h5+ Kg7 83.Rg5+ Kf6 84.Rg6+ Kf7
85.Kg5 Rg1+ 86.Kf5 Rh1 87.Rg5 Rh2 88.Kg4 Rh1 89.Ra5 Kg7 90.Ra6 Rb1 91.Rg6+ Kf7
92.Ra6 Kg7 93.Kg5 Rg1+ 94.Kf5 Rb1 95.h6+ Kh7 96.Rf6 Rb5+ 97.Kg4 Rb1 98.Kg5 Rg1+
99.Kf5 Ra1 100.Re6 Rf1 101.Re5 Rf2 102.Ke4 Re2+ 103.Kf5 Rf2 104.Re6 Rf1 105.Ke5 Re1+
106.Kf6 Ra1 107.Kf7 Ra7+ 108.Re7 Ra5 109.Re5 Ra7+ 110.Re7 Ra8 111.Re6 Ra7+
112.Kf8 Ra8+ 113.Ke7 Ra7+ 114.Kd6 Ra5 115.Rf6 Ra6+ 116.Ke7 Ra7+ 117.Ke6 Ra6+
118.Kf5 Ra5+ 119.Kg4 Ra1 120.f5 Rg1+ 121.Kf4 Rf1+ 122.Ke5 Re1+ 123.Kd6 Ra1
124.Re6 Rf1 125.Ke5 Ra1 126.Kf4 Rg1 127.Rd6 Rf1+ 128.Kg5 Rg1+ 129.Kf6 Rf1
130.Re6 Ra1 131.Kf7 Ra7+ 132.Kf8 Ra8+ 133.Re8 Ra6 134.Re7+ Kh8 135.Re6 Ra8+
136.Ke7 Kh7 137.Kf7 Rb8 138.Ke7 Ra8 139.Rd6 Rb8 140.Rd8 Rb7+ 141.Rd7 Rb8
142.Rd6 Ra8 143.Rd8 Ra7+ 144.Kf6 Ra1 145.Re8 Ra2  0-1

[Event "EU-chT (Women)"]
[Site "Pula"]
[Date "1997.??.??"]
[Round "4"]
[White "Voronova, Tatiana"]
[Black "Smajlovic, Lejla"]
[Result "1-0"]
[WhiteElo "2255"]
[BlackElo "2135"]

1.Nf3 Nf6 2.c4 g6 3.g3 Bg7 4.Bg2 O-O 5.O-O d6 6.Nc3 Nc6 7.Rb1 Bf5 8.d3 Nd7
9.Bd2 Nde5 10.Nxe5 Bxe5 11.b4 Qc8 12.b5 Nd4 13.Nd5 Re8 14.Ba5 b6 15.Be1 Bg4
16.f3 Bd7 17.e3 c6 18.bxc6 Nxc6 19.f4 Bg7 20.Qc1 Rb8 21.Qa3 Bh3 22.Bc3 Bxg2
23.Kxg2 Bxc3 24.Qxc3 Rb7 25.Rf2 Nb8 26.e4 Nd7 27.h4 e6 28.Ne3 Qd8 29.a4 Rc7
30.Ng4 f6 31.Rb5 h5 32.Ne3 Nc5 33.Ra2 Kf7 34.Kh2 Qd7 35.Qc2 Qc6 36.a5 a6
37.Rxb6 Qd7 38.d4 Nb7 39.Rxa6 Rec8 40.Ra7 Nd8 41.Rxc7 Qxc7 42.d5 e5 43.fxe5 fxe5
44.a6 Ra8 45.Qa4 Qa7 46.Ra3 Ke7 47.Qa5 Qb8 48.Qb5 Qa7 49.c5 dxc5 50.Nc4 Rb8
51.Qxb8 Qxb8 52.a7 Qb1 53.a8=Q Qc2+ 54.Kg1 Qxc4 55.Ra2 Qd4+ 56.Kh2 Nf7 57.Qb7+ Kf8
58.Qb1 g5 59.hxg5 Nxg5 60.Qf1+ Ke8 61.Qf5  1-0

[Event "WchT U26"]
[Site "Roque Saenz Pena"]
[Date "1997.??.??"]
[Round "5"]
[White "Mera Cedeno, Angel"]
[Black "Hernandez, Gustavo"]
[Result "1-0"]
[WhiteElo "2250"]
[BlackElo "2345"]

1.c4 Nf6 2.Nf3 g6 3.g3 Bg7 4.Bg2 O-O 5.O-O d5 6.cxd5 Nxd5 7.Nc3 Nb6 8.a4 a5
9.d3 Nc6 10.Bd2 e5 11.Rc1 Nd4 12.Ne4 Nd5 13.Rc5 c6 14.Nxd4 exd4 15.Qb3 h6
16.Rfc1 Kh7 17.g4 Qb6 18.Qxb6 Nxb6 19.h3 Nxa4 20.Rxa5 Rxa5 21.Bxa5 Be6 22.Nd6 Bd7
23.Nxb7 Rb8 24.b3 Nc3 25.Bxc3 Rxb7 26.Ba5 Rxb3 27.Bxc6 Bxc6 28.Rxc6 Rb2 29.Kf1 Be5
30.Rc5 Bf6 31.Rc4 Kg7 32.Bb4 Rb1+ 33.Kg2 Be5 34.Kf3 Rh1 35.Ke4 Bf6 36.Bc5 Rxh3
37.Bxd4  1-0

[Event "Schwaebisch Gmuend op"]
[Site "Schwaebisch Gmuend"]
[Date "1997.??.??"]
[Round "6"]
[White "Koch, Hans Juergen"]
[Black "Schmenger, Felix"]
[Result "1/2-1/2"]
[WhiteElo "2065"]
[BlackElo "2255"]

1.c4 Nf6 2.Nf3 g6 3.g3 Bg7 4.Bg2 O-O 5.O-O d5 6.cxd5 Nxd5 7.Nc3 c5 8.Nxd5 Qxd5
9.d3 Nc6 10.Be3 Qd6 11.Nd2 b6 12.a3 Bb7 13.Rb1 Rac8 14.b4 cxb4 15.axb4 Qd7
16.Qa4 Rfd8 17.Rfe1 Rc7 18.b5 Nd4 19.Bxb7 Rxb7 20.Nc4 a5 21.Bxd4 Bxd4 22.e3 Bf6
23.d4 Rc8 24.Rbc1 Qe6 25.Rc2 Rbc7 26.Rec1 Qf5 27.Na3 Rxc2 28.Rxc2 Rxc2 29.Qxc2 Qxc2
30.Nxc2 e5 31.Kg2 exd4 32.exd4 Kf8 33.Kf3 Ke7 34.Ke4 Ke6 35.Ne3 Bd8 36.g4 h5
37.gxh5 gxh5 38.Nc4 f5+ 39.Kd3 Bc7 40.h3 Bd8 41.Nb2 Kf6 42.f4 Bc7 43.Na4 Ke6
44.Kc4 Kd6 45.Kd3 Bd8 46.Kc4 Ke6 47.Kd3 Kd5 48.Nc3+ Kd6 49.Na4 Bc7 50.Kc4 Ke6
51.Kd3 Kf6 52.Ke3 h4 53.Nc3 Ke6 54.Na4 Kd5 55.Kd3 Bxf4 56.Nxb6+ Ke6 57.d5+ Kd6
58.Kc4 Bg3 59.Na4 f4 60.Nc5 f3 61.Ne4+ Ke5 62.Nd2 f2 63.b6 Bf4 64.Nf1 Kd6
65.b7 Kc7 66.Kb5 Kxb7 67.Kxa5 Kc7  1/2-1/2

[Event "Seefeld op"]
[Site "Seefeld"]
[Date "1997.??.??"]
[Round "?"]
[White "Stiller, Patrick"]
[Black "Hausmann, Ilka"]
[Result "1/2-1/2"]
[WhiteElo "1950"]
[BlackElo "2130"]

1.Nf3 Nf6 2.c4 g6 3.g3 Bg7 4.Bg2 O-O 5.O-O d6 6.d4 Nbd7 7.Nc3 e5 8.e4 exd4
9.Nxd4 a5 10.Bg5 h6 11.Bf4 Nc5 12.Qd2 Kh7 13.Rad1 Re8 14.Rfe1 Ng4 15.Nf3 Ne6
16.h3 Nxf4 17.Qxf4 Ne5 18.Nxe5 Rxe5 19.Qxf7 Be6 20.Qf4 Bxc4 21.Qc1 Rc5 22.Qe3 Bxc3
23.Qxc3 Qg8 24.Qd4 Re8 25.Rc1 b6 26.b3 Bb5 27.Rxc5 dxc5 28.Qc3 Rd8 29.Qf6 Rf8
30.Qe5 Qf7 31.f4 Qd7 32.Kh2 Re8 33.Qf6 Bc6 34.f5 gxf5 35.exf5 Rxe1 36.Qg6+ Kh8
37.Qxh6+ Kg8 38.Qg6+  1/2-1/2

[Event "Seefeld op"]
[Site "Seefeld"]
[Date "1997.??.??"]
[Round "?"]
[White "Schunk, Thomas"]
[Black "Kuenitz, Klaus"]
[Result "1-0"]
[WhiteElo "2310"]
[BlackElo "2120"]

1.c4 Nf6 2.g3 g6 3.Bg2 Bg7 4.Nf3 O-O 5.O-O d6 6.d4 Nc6 7.d5 Na5 8.Nfd2 c5
9.Nc3 a6 10.Qc2 Rb8 11.a4 e6 12.b3 exd5 13.cxd5 b5 14.Bb2 Re8 15.axb5 axb5
16.Rfe1 b4 17.Nd1 Bd7 18.Ne3 Bb5 19.Bf3 Ra8 20.h4 h5 21.Ra2 Rc8 22.Rea1 Nb7
23.Ra7 Rc7 24.Nec4 Bd7 25.e4 Bg4 26.Bg2 Be2 27.f3 Bxc4 28.Nxc4 Qe7 29.Qd2 Nd7
30.f4 Bxb2 31.Qxb2 Nf6 32.e5 Ng4 33.R1a6 Rd8 34.Bf3 Qd7 35.Rc6 Qe7 36.Rxc7 Qxc7
37.Nxd6 Rxd6 38.exd6 Qb6 39.Ra8+ Nd8 40.Bxg4 c4+ 41.Kg2 c3 42.Qe2 Kh7 43.Bf3 Qxd6
44.Qe8 c2 45.Rc8  1-0

[Event "RUS-Cup8"]
[Site "Smolensk"]
[Date "1997.??.??"]
[Round "2"]
[White "Vaulin, Alexander"]
[Black "Guliev, Logman"]
[Result "0-1"]
[WhiteElo "2490"]
[BlackElo "2415"]

1.Nf3 Nf6 2.c4 g6 3.g3 Bg7 4.Bg2 O-O 5.d4 d6 6.O-O Nbd7 7.Nc3 e5 8.e4 c6
9.h3 Qb6 10.d5 Nc5 11.Qe2 a5 12.Be3 cxd5 13.cxd5 Bd7 14.Rfc1 Rfc8 15.Nd2 a4
16.b4 Qxb4 17.Rab1 Nb3 18.axb3 Rxc3 19.Rxc3 Qxc3 20.bxa4 Rxa4 21.Rxb7 Qc8
22.Rb1 Bxh3 23.Bxh3 Qxh3 24.Qb5 Ra8 25.Qc6 Rd8 26.Bb6 Rc8 27.Qxd6 Ng4 28.Nf3 Bh6
29.Qa3 Rb8 30.Rb3 Kg7 31.Bc7 Be3 32.Bxe5+ Nxe5  0-1

[Event "RUS-Cup8"]
[Site "Smolensk"]
[Date "1997.??.??"]
[Round "4"]
[White "Kuporosov, Viktor"]
[Black "Iskusnyh, Sergei"]
[Result "1/2-1/2"]
[WhiteElo "2500"]
[BlackElo "2440"]

1.Nf3 Nf6 2.c4 g6 3.g3 Bg7 4.Bg2 O-O 5.O-O d6 6.Nc3 c6 7.d3 e5 8.Rb1 a5 9.a3 Re8
10.e4 Na6 11.b4 axb4 12.axb4 Nc7 13.Be3 Bg4 14.h3 Bxf3 15.Bxf3 Ne6 16.Bg2 Nh5
17.Re1 Qe7 18.b5 Nf6 19.Qc2 Nd7 20.bxc6 bxc6 21.Rb7 Reb8 22.Reb1 Qe8 23.Na4 Rxb7
24.Rxb7 Qc8 25.Rb4 Rb8  1/2-1/2

[Event "RUS-Cup8"]
[Site "Smolensk"]
[Date "1997.??.??"]
[Round "8"]
[White "Vaulin, Alexander"]
[Black "Voitsekhovsky, Stanislav"]
[Result "1/2-1/2"]
[WhiteElo "2490"]
[BlackElo "2475"]

1.Nf3 Nf6 2.g3 g6 3.Bg2 Bg7 4.c4 O-O 5.O-O d6 6.d4 Nbd7 7.Nc3 e5 8.e4 c6
9.h3 Qb6 10.d5 cxd5  1/2-1/2

[Event "Stockholm"]
[Site "Stockholm"]
[Date "1997.??.??"]
[Round "9"]
[White "Engqvist, Thomas"]
[Black "Lyrberg, Patrik"]
[Result "1/2-1/2"]
[WhiteElo "2355"]
[BlackElo "2430"]

1.Nf3 Nf6 2.c4 g6 3.g3 Bg7 4.Bg2 O-O 5.O-O d6 6.d4 Nbd7 7.Nc3 e5 8.h3 Re8
9.e4 exd4 10.Nxd4 a6 11.Re1 Rb8 12.Rb1 c5 13.Nf3 Qc7 14.a4 b6 15.Qc2 Bb7
16.Bf4 Nh5 17.Bd2 Ne5 18.b3 Nxf3+ 19.Bxf3 Nf6 20.Bg2 Nd7 21.Rbd1 Ne5 22.Bf4 Re6
23.h4  1/2-1/2

[Event "SVK-chT 9798"]
[Site "SVK"]
[Date "1997.??.??"]
[Round "2"]
[White "Pejko, Otomar"]
[Black "Maslik, Miroslav"]
[Result "0-1"]
[WhiteElo "2170"]
[BlackElo "2255"]

1.Nf3 Nf6 2.c4 g6 3.g3 Bg7 4.Bg2 O-O 5.Nc3 d6 6.d4 Nc6 7.O-O a6 8.b3 Rb8
9.Bb2 b5 10.cxb5 axb5 11.Rc1 b4 12.Nb1 Na7 13.a4 bxa3 14.Nxa3 Nd7 15.Bc3 c5
16.Nc4 Qe8 17.dxc5 Bxc3 18.Rxc3 Nxc5 19.Re3 Nb5 20.Qc1 Ne6 21.Na5 Bd7 22.Qa1 Qd8
23.Rc1 Qb6 24.Nc4 Qa7 25.Qxa7 Nxa7 26.Ra1 Nc6 27.Nfd2 Ra8 28.Rc1 Ra6 29.Rec3 Ncd4
30.Kf1 Nb5 31.R3c2 Ned4 32.Rb2 Bc6 33.Bxc6 Nxc6 34.Nf3 Rfa8 35.Ne3 Ra1 36.Rbb1 Rxb1
37.Rxb1 Ra2 38.Rc1 Ncd4 39.Nxd4 Nxd4 40.Rc7 Kf8 41.Rc8+ Kg7 42.Rc7 Kf8 43.Rc8+ Kg7
44.Rc7 Nxe2 45.Rxe7 Nc1 46.Rd7 Nxb3 47.Nc4 Nd2+ 48.Nxd2 Rxd2 49.Ke1 Rd5 50.Ke2 Kf6
51.Ke3 Ke6 52.Ra7 h5 53.h4 Rb5 54.Rc7 Rb3+ 55.Ke2 Rb5 56.Ke3 Re5+ 57.Kd3 Rf5
58.Ke3 Ra5 59.Rb7 Ra3+ 60.Ke2 Ra5 61.Ke3 Rf5 62.Ra7 Rf6 63.Rb7 Ke5 64.Re7+ Kd5
65.Rc7 Ke6 66.Ra7 d5 67.f4 Rf5 68.Kd4 Rf6 69.Ra5 Kf5 70.Kxd5 Kg4 71.Ra3 Re6
72.Ra7 Rf6 73.Ra3 Rb6 74.Ke5 Re6+ 75.Kd5 Re2 76.Ra7 Kxg3 77.Rxf7 Kxh4 78.Rg7 Kg4
79.Rxg6+ Kxf4 80.Rh6 Re5+ 81.Kd4 Rg5 82.Rf6+ Kg3 83.Ke4 h4 84.Rh6 h3 85.Rb6 h2
86.Rb1 Kh3 87.Kf4 Rg4+ 88.Kf5 Rg1 89.Rb3+ Kg2 90.Rb2+ Kg3 91.Rb3+ Kh4  0-1

[Event "SVK-chT 9798"]
[Site "SVK"]
[Date "1997.??.??"]
[Round "3"]
[White "Plachetka, Jan"]
[Black "Komora, Andrej"]
[Result "1/2-1/2"]
[WhiteElo "2445"]
[BlackElo "2230"]

1.Nf3 Nf6 2.c4 g6 3.g3 Bg7 4.Bg2 O-O 5.O-O d6 6.d4 Nbd7 7.Nc3 e5 8.e4 Re8
9.d5 a5 10.Ne1 Nc5 11.Nd3 Nxd3 12.Qxd3 Nh5 13.Qe2 f5 14.exf5 Bxf5 15.Ne4 Qd7
16.Bg5 Rf8 17.b3 Nf6 18.Bd2 Nxe4 19.Bxe4 b6 20.a3 Bxe4 21.Qxe4 Qf5 22.f3 a4
23.b4 h5 24.Rab1 Kh7 25.Kg2 Bh6 26.Bc3 Qxe4 27.fxe4 Kg7 28.Bb2 Rxf1 29.Rxf1 Rf8
30.Rxf8 Kxf8 31.Kf3 Kf7 32.Ke2 Ke7 33.Kd3 Kd7 34.Ke2  1/2-1/2

[Event "SVK-chT 9697"]
[Site "SVK"]
[Date "1997.??.??"]
[Round "3"]
[White "Pejko, Otomar"]
[Black "Manik, Mikulas"]
[Result "0-1"]
[WhiteElo "2245"]
[BlackElo "2395"]

1.Nf3 Nf6 2.c4 g6 3.g3 Bg7 4.Bg2 O-O 5.O-O d6 6.d4 Nc6 7.h3 a6 8.Nc3 Rb8
9.Ne1 Nd7 10.Nc2 Na5 11.b3 c5 12.Bb2 b5 13.cxb5 axb5 14.dxc5 Nxc5 15.Nb4 Na6
16.Nxa6 Bxa6 17.Qd2 e6 18.Ne4 Bxb2 19.Qxb2 f5 20.Nd2 b4 21.Rfd1 f4 22.Ne4 Rb6
23.g4 Bb7 24.Rac1 Bd5 25.Nd2 Bxg2 26.Kxg2 Qa8+ 27.Kh2 e5 28.Rc7 Rb7 29.Rdc1 Qa7
30.Rxb7 Qxf2+ 31.Kh1 Nxb7 32.Ne4 Qh4 33.Kg2 d5 34.Qxe5 dxe4 35.Rc7 f3+ 36.exf3 exf3+
37.Kf1 Qxh3+ 38.Ke1 f2+ 39.Kd2 Rd8+ 40.Kc2 Qd3+  0-1

[Event "SVK-chT 9697"]
[Site "SVK"]
[Date "1997.??.??"]
[Round "5"]
[White "Mesiarik, Rudolf"]
[Black "Petrik, Karol"]
[Result "1-0"]
[WhiteElo "2270"]
[BlackElo "2260"]

1.Nf3 Nf6 2.c4 g6 3.g3 Bg7 4.Bg2 O-O 5.O-O d6 6.d4 Bg4 7.Qb3 Bc8 8.Nc3 Nc6
9.Rd1 a5 10.h3 Bd7 11.e4 Qc8 12.Kh2 e5 13.dxe5 dxe5 14.Be3 h6 15.Qc2 Kh7
16.Nd5 Ng8 17.Nh4 Ra6 18.f4 Nd4 19.Bxd4 exd4 20.c5 Re6 21.e5 Rc6 22.Rxd4 b6
23.Rc4 Qa6 24.b3 b5 25.Rd4 Qa7 26.Rc1 Kh8 27.Ne3 Be8 28.Bxc6 Bxc6 29.Qd3 Ne7
30.Rd8 Be8 31.Ng4 Nc6 32.Rxe8 Rxe8 33.Qd7 Qa8 34.Qxf7 Ne7 35.c6 Qd8 36.Rc2 g5
37.fxg5 hxg5 38.Nf6 Bxf6 39.Qxf6+ Kh7 40.Qxg5 Rf8 41.Rd2 Qe8 42.Rd7 Rf2+
43.Ng2 Rf7 44.Nf4 Qf8 45.e6 Rg7 46.Qe5  1-0

[Event "SVK-chT 9697"]
[Site "SVK"]
[Date "1997.??.??"]
[Round "6"]
[White "Pejko, Otomar"]
[Black "Kalisky, Vladimir"]
[Result "1/2-1/2"]
[WhiteElo "2245"]
[BlackElo "2275"]

1.Nf3 Nf6 2.c4 g6 3.g3 Bg7 4.Bg2 O-O 5.O-O c5 6.Nc3 Nc6 7.d4 d6 8.dxc5 dxc5
9.Be3 Qa5 10.Qa4 Qxa4 11.Nxa4 b6 12.Ng5 Bb7 13.Bxc5 bxc5 14.Nxc5 Rab8 15.Nxb7 Rxb7
16.Bxc6 Rxb2 17.Rab1 Rxa2 18.Rb7 Rc8 19.Bb5 Kf8 20.Rd1 h6 21.Rc7 Rb8 22.Rb7 Rc8
23.Rc7 Rb8 24.Rb7 Rc8  1/2-1/2

[Event "SVK-chT2 9697"]
[Site "SVK"]
[Date "1997.??.??"]
[Round "7"]
[White "Banas, Kamil"]
[Black "Hebelka, Milos"]
[Result "0-1"]
[WhiteElo "2045"]
[BlackElo "2140"]

1.Nf3 Nf6 2.c4 g6 3.g3 Bg7 4.Bg2 O-O 5.O-O c5 6.Nc3 Nc6 7.d4 cxd4 8.Nxd4 Nxd4
9.Qxd4 d6 10.Bg5 Qa5 11.Qd2 Rb8 12.Rab1 Be6 13.b4 Qc7 14.Nd5 Qd7 15.c5 Nxd5
16.Bxd5 dxc5 17.Bxe6 Qxe6 18.bxc5 a6 19.Rfd1 Rfe8 20.Be3 h5 21.Qd5 Qg4 22.Rxb7 Qxe2
23.Rdb1 Rbc8 24.c6 e6 25.Qd7 Qf3 26.Bf4 Rf8 27.c7 h4 28.h3 e5 29.R1b3 Qe4
30.Rb8 Qe1+ 31.Kg2 Qe4+ 32.Kf1 Qc4+ 33.Ke1 Rxc7 34.Qd6 exf4 35.Rxf8+ Bxf8
36.Rb8 Qc1+ 37.Ke2 Rc2+ 38.Kf3 Rc3+ 39.Kg4 Rc8  0-1

[Event "SVK-chT 9697"]
[Site "SVK"]
[Date "1997.??.??"]
[Round "10"]
[White "Sedlacek, Pavol"]
[Black "Fabian, Jaroslav"]
[Result "1/2-1/2"]
[WhiteElo "2200"]
[BlackElo "2270"]

1.c4 Nf6 2.Nf3 g6 3.g3 Bg7 4.Bg2 O-O 5.O-O d5 6.cxd5 Nxd5 7.d4 Nc6 8.e4 Nb6
9.d5 Na5 10.Qc2 c6 11.dxc6 Nxc6 12.Rd1 Qe8 13.Nc3 Bg4 14.h3 Bxf3 15.Bxf3 Nd4
16.Qd3 Nxf3+ 17.Qxf3 Rd8 18.Be3 Nc4 19.Bxa7 Nxb2 20.Rxd8 Qxd8 21.Rb1 Qa5
22.Rxb2 Qxa7 23.Re2 Qd4 24.Nd5 e6 25.Nf4 Qd1+ 26.Kg2 Rc8 27.Qd3 Qxd3 28.Nxd3 Rc3
29.Ne1 Kf8 30.e5 Ke7 31.Rb2 Bxe5 32.Rxb7+ Kf6 33.Nf3 Bd6 34.h4 h6 35.Rb2 Bc5
36.Re2 Ke7 37.Rd2 f6 38.Nd4 Bxd4 39.Rxd4 Rc2 40.Ra4 e5 41.Ra6 e4 42.Kf1 h5
43.a4 Ra2 44.a5 Kf7 45.Ra8 Ke6 46.a6 Kf5 47.a7 Ra1+ 48.Ke2 Ra2+ 49.Ke3 Ra3+
50.Kd4 Ra1 51.Kc5 Rc1+ 52.Kd6 Rd1+ 53.Ke7 Ra1 54.Kf7 Ra2 55.Kg7 Ra3 56.Kh6 Ra4
57.Kg7 Ra5 58.Kf7 Ra6 59.Kg7 Ra4 60.Kh6 Ra5 61.Kg7 Ra4 62.Kf7 Ra6 63.Ke7 Ra1
64.Kd6 Rd1+ 65.Kc5 Rc1+ 66.Kd4 Rd1+ 67.Ke3 Rd3+ 68.Ke2 Ra3 69.Kd2 Ra1 70.Kc3 Ra6
71.Kb3 Ra5 72.Kc4 Ra1 73.Kc5 Rc1+ 74.Kd4 Rd1+ 75.Kc3 Ra1 76.Kb2 Ra6 77.Kc3 Ra1
78.Kb4 Ra2 79.Kc3 Ra1  1/2-1/2

[Event "SVK-chT 9697"]
[Site "SVK"]
[Date "1997.??.??"]
[Round "10"]
[White "Lipka, Juraj"]
[Black "Valent, Ivan"]
[Result "1-0"]
[WhiteElo "2340"]
[BlackElo "2220"]

1.Nf3 Nf6 2.c4 g6 3.g3 Bg7 4.Bg2 O-O 5.O-O c5 6.Nc3 d6 7.d4 Na6 8.h3 Bd7
9.d5 Nc7 10.a4 b6 11.e4 a6 12.e5 Nfe8 13.Re1 b5 14.b3 dxe5 15.Nxe5 Nd6 16.Bf1 bxc4
17.bxc4 a5 18.Bf4 Na6 19.Rc1 Qc8 20.Kh2 Rb8 21.Nb5 Nb4 22.Qd2 Re8 23.Bg2 Qb7
24.Nd3 Nxd3 25.Qxd3 Bxb5 26.axb5 Ra8 27.Be3 Rec8 28.Qa3 Qb6 29.Bg5 Bf6 30.Bxf6 exf6
31.Qc3 Kg7 32.Ra1 Re8 33.Rxe8 Rxe8 34.Rxa5 Nxc4 35.Ra6 Qxb5 36.Qxf6+ Kg8
37.Ra7 Ne5 38.d6 Qb6 39.Re7 Rxe7 40.Qxe7 Nc6 41.Qe8+  1-0

[Event "SVK-chT1E 9798"]
[Site "SVK"]
[Date "1997.??.??"]
[Round "11"]
[White "Mesiarik, Rudolf"]
[Black "Hagara, Eduard"]
[Result "1/2-1/2"]
[WhiteElo "2270"]
[BlackElo "2215"]

1.c4 Nf6 2.Nf3 g6 3.g3 Bg7 4.Bg2 O-O 5.O-O d6 6.d4 Nc6 7.Nc3 Bf5 8.Nh4 Bd7
9.h3 Qc8 10.Kh2 Na5 11.b3 c5 12.Nf3  1/2-1/2

[Event "EST-ch"]
[Site "Tallinn"]
[Date "1997.??.??"]
[Round "11"]
[White "Neff, Sergei"]
[Black "Sergejev, Roman"]
[Result "0-1"]
[WhiteElo "2310"]
[BlackElo "2370"]

1.c4 Nf6 2.Nf3 g6 3.g3 Bg7 4.Bg2 O-O 5.O-O d5 6.cxd5 Nxd5 7.Nc3 Nb6 8.b3 e5
9.Bb2 Re8 10.d3 Nc6 11.Rc1 Be6 12.Ne4 Nd7 13.Qc2 h6 14.Nfd2 Qe7 15.Nc5 Nb4
16.Nxe6 Nxc2 17.Nxg7 Kxg7 18.Rxc2 c6 19.f4 Kg8 20.f5 Nb6 21.Ne4 Nd5 22.Bc1 Kh7
23.h4 Rf8 24.Bh3 a5 25.Rc4 Nb6 26.Rc5 a4 27.b4 a3 28.Bd2 Nd5 29.b5 Ra4 30.Rfc1 Rxe4
31.dxe4 Nf6 32.R5c4 c5 33.fxg6+ Kg7 34.b6 Nd7 35.gxf7 Rxf7 36.Be3 Qd6 37.Bxd7 Rxd7
38.Bxc5 Qe6 39.Bf2 Kg6 40.Rc7 Rd2 41.Rxb7 Rxe2 42.Rbc7 Qxa2 43.R1c6+ Kh5
44.Rf6 Qb1+ 45.Kh2 Qxe4 46.Rg7 a2 47.b7 Rxf2+ 48.Rxf2  0-1

[Event "Tatry op"]
[Site "Tatranska Lomnica"]
[Date "1997.??.??"]
[Round "5"]
[White "Bures, Vit"]
[Black "Kaniansky, Miroslav"]
[Result "1-0"]
[WhiteElo "2150"]
[BlackElo "2150"]

1.Nf3 Nf6 2.g3 g6 3.Bg2 Bg7 4.c4 O-O 5.O-O d6 6.d4 Nc6 7.Nc3 a6 8.e4 Bg4
9.h3 Bxf3 10.Bxf3 e5 11.d5 Nd4 12.Bg2 c5 13.Ne2 b5 14.Nxd4 exd4 15.b3 Nd7
16.f4 Rb8 17.Qd3 bxc4 18.bxc4 Qa5 19.Bd2 Qc7 20.Rab1 Rxb1 21.Rxb1 Rb8 22.Rxb8+ Qxb8
23.Qb3 Qb6 24.Bf3 Qxb3 25.axb3 Kf8 26.Ba5 Ke7 27.Kf2 f5 28.exf5 gxf5 29.g4 fxg4
30.hxg4 Nf8 31.Be4 h6 32.Kg3 Bf6 33.Kf3 Bh4 34.Bf5 Nd7 35.Be6 Ke8 36.Ke4 Bf2
37.Bd2 Ke7 38.Bxd7 Kxd7 39.f5 h5 40.gxh5 Bh4 41.h6 Bf6 42.h7 Ke8 43.Bg5 Bh8
44.f6 Kf7 45.Bf4  1-0

[Event "Czerniak mem Bikurei Haitim"]
[Site "Tel Aviv"]
[Date "1997.??.??"]
[Round "5"]
[White "Rotstein, Arkadij"]
[Black "Manor, Ilan"]
[Result "1-0"]
[WhiteElo "2455"]
[BlackElo "2525"]

1.c4 Nf6 2.Nf3 g6 3.g3 Bg7 4.Bg2 O-O 5.O-O d5 6.cxd5 Nxd5 7.d4 Nb6 8.Nc3 Nc6
9.d5 Na5 10.e4 c6 11.Bg5 h6 12.Bf4 Nac4 13.Qe2 e5 14.dxe6 Bxe6 15.Rfd1 Qe7
16.Nd4 Rfd8 17.Nxe6 Qxe6 18.h4 Qe7 19.Rxd8+ Rxd8 20.Rd1 Re8 21.b3 Ne5 22.h5 Qc5
23.Nb1 gxh5 24.Be3 Qa5 25.Qxh5 Qxa2 26.Nd2 Qc2 27.Rf1 Rd8 28.f4 Ned7 29.Qh4 Nf6
30.e5 Rd3 31.exf6 Rxe3 32.fxg7 Kxg7 33.Qg4+ Qg6 34.Qxg6+ Kxg6 35.Kf2 Rc3
36.Re1 a5 37.Re7 a4 38.Rxb7  1-0

[Event "Czerniak mem Bikurei Haitim"]
[Site "Tel Aviv"]
[Date "1997.??.??"]
[Round "8"]
[White "Rotstein, Arkadij"]
[Black "David, Alberto"]
[Result "1/2-1/2"]
[WhiteElo "2455"]
[BlackElo "2455"]

1.Nf3 Nf6 2.c4 g6 3.g3 Bg7 4.Bg2 O-O 5.O-O Nc6 6.Nc3 d6 7.Rb1 a5 8.a3 e5
9.d3 h6 10.b4 axb4 11.axb4 Be6 12.Nd2 Rb8 13.Nd5 Ne7 14.Nxf6+ Bxf6 15.b5 Bg7
16.Bb2 Qd7 17.Ra1 Bh3 18.Ra7 Bxg2 19.Kxg2 d5 20.Qb3 dxc4 21.Qxc4 c6 22.Qc5 Rfe8
23.Ne4 Qe6 24.Rc1 Red8 25.Ba3 Bf8 26.Qc4 Qxc4 27.dxc4 Nc8 28.Ra5 Bxa3 29.Rxa3 Nd6
30.bxc6 bxc6 31.Nxd6 Rxd6 32.Rc2 Kg7 33.Kf3 Kf6 34.Ra7 Ke6 35.Rc7 Kf6 36.Ra2 Kg7
37.e3 Rb4 38.Rc2 Kf6 39.h4 h5 40.Ke4 Ke6 41.Kf3 Kf6 42.c5 Re6 43.Rd2 Kg7
44.Rd6 Rxd6 45.cxd6 Rb2 46.Rxc6 Rd2 47.Ke4 Kf6 48.Rc5 Rxd6 49.Rxe5 Rd2 50.f3 Rg2
51.Rg5 Ra2 52.Kf4 Ra4+ 53.e4 Ra3 54.Rb5 Rc3 55.Rb7 Rc4 56.Rb6+ Kg7 57.Rd6 Ra4
58.Rd3 Rb4 59.Ke3 Rb5 60.Rc3 Ra5 61.f4 Ra4 62.e5 Kf8 63.Kf3 Ra1 64.Rb3 Rg1
65.Rb8+ Ke7 66.Rb7+ Kf8 67.Rd7 Ra1 68.Ke3 Ra3+ 69.Rd3 Ra4 70.Kf3 Ra1 71.Ke4 Ke7
72.Rb3 Re1+ 73.Re3 Ra1 74.Rc3 Re1+ 75.Kd4 Rd1+ 76.Ke3 Re1+ 77.Kf3 Ra1 78.Rc7+ Ke6
79.Rc6+ Ke7 80.Ke4 Rf1 81.Rc7+ Kf8 82.Rc3 Ke7 83.Ra3 Re1+ 84.Kf3 Rb1 85.Ke3 Re1+
86.Kd4 Rd1+ 87.Ke3 Re1+ 88.Kf2 Rb1 89.Ra7+ Kf8 90.Rd7 Rb2+ 91.Ke3 Rb3+ 92.Rd3 Rb4
93.Rd4 Rb3+ 94.Rd3 Rb4 95.f5 gxf5 96.Rd4 Rxd4 97.Kxd4 Ke7 98.Ke3 Kd7 99.Kf3 Ke7
100.Ke3 Kd7  1/2-1/2

[Event "SVK-ch U18"]
[Site "Topolcianky"]
[Date "1997.??.??"]
[Round "4"]
[White "Banas, Kamil"]
[Black "Durik, Peter"]
[Result "1/2-1/2"]
[WhiteElo "2045"]
[BlackElo "2175"]

1.Nf3 Nf6 2.g3 g6 3.Bg2 Bg7 4.c4 O-O 5.O-O d6 6.Nc3 Nc6 7.d4 a6 8.Bg5 h6
9.Bxf6 Bxf6 10.Qd2 Bg7 11.Rac1 Rb8 12.e3 Bg4 13.h4 e5 14.d5 Ne7 15.Nh2 Bd7
16.g4 f5 17.g5 hxg5 18.hxg5 e4 19.Ne2 Nc8 20.f4 c5 21.dxc6 bxc6 22.b3  1/2-1/2